| 000 | 00557nam a2200277Ia 4500 | ||
|---|---|---|---|
| 005 | 20260401122417.0 | ||
| 008 | 008 250103s9999 xx 000 0 eng d | ||
| 020 | _a9780631230366 | ||
| 037 | _aTB | ||
| 040 | _aEDL | ||
| 040 | _beng | ||
| 040 | _cEDL | ||
| 041 | _2eng | ||
| 041 | _aeng | ||
| 084 | _a410 BAK | ||
| 084 | _qEDL | ||
| 245 | 0 | _aLinguistics | |
| 260 | _aUSA | ||
| 260 | _bWileyBlackwell | ||
| 260 | _c2012 | ||
| 300 | _a449p | ||
| 942 | _cTB | ||
| 942 | _h410 BAK | ||
| 999 |
_c1847096 _d1847096 |
||